|
|
|
|
| LEADER |
00000nam0a2200000 4500 |
| 001 |
140410 |
| 005 |
20240731095441.0 |
| 010 |
|
|
|a 0387951067
|
| 035 |
|
|
|a (RuTPU)RU\TPU\book\152108
|
| 090 |
|
|
|a 140410
|
| 100 |
|
|
|a 20080630d2001 k y0engy50 ba
|
| 101 |
0 |
|
|a eng
|
| 102 |
|
|
|a US
|
| 105 |
|
|
|a a z 001zy
|
| 200 |
1 |
|
|a Software Reliability Methods
|f D. A. Peled
|
| 210 |
|
|
|a New York
|c Springer
|d 2001
|
| 215 |
|
|
|a 331 p.
|c il.
|
| 225 |
1 |
|
|a Texts in Computer Science
|
| 320 |
|
|
|a References: p. 321-328.
|
| 320 |
|
|
|a Index: p. 329-331.
|
| 541 |
|
1 |
|a Методы обеспечения надежности программного обеспечения
|z rus
|
| 610 |
1 |
|
|a информация
|
| 610 |
1 |
|
|a программирование
|
| 610 |
1 |
|
|a программное обеспечение
|
| 610 |
1 |
|
|a защита
|
| 610 |
1 |
|
|a безопасность
|
| 610 |
1 |
|
|a информационная безопасность
|
| 610 |
1 |
|
|a теория
|
| 610 |
1 |
|
|a методы
|
| 610 |
1 |
|
|a английский язык
|
| 675 |
|
|
|a 681.3.067
|v 3
|
| 700 |
|
1 |
|a Peled
|b D. A.
|g Doron A.
|
| 801 |
|
1 |
|a RU
|b 63413507
|c 20080630
|g PSBO
|
| 801 |
|
2 |
|a RU
|b 63413507
|c 20130911
|g PSBO
|
| 942 |
|
|
|c BK
|